Statistics for Food and Drink Picture Quiz

Click here to take the quiz!

General Stats

  • This quiz has been taken 313 times
  • The average score is 5 of 10

Answer Stats

Answer% Correct
Wine
74%
Beer
73%
Gummy Bears
68%
Coffie
67%
Orange Juice
67%
Mushrooms
64%
Carrot Juice
59%
Honey
29%
Blue Berrys
12%
Berrys
9%

Score Distribution

Percentile by Number Answered

Percent of People with Each Score

Your Score History

You have not taken this quiz